Radio Duniya

Detalles Bibliográficos
Formato: Electrónico Revista
Lenguaje:inglés
Publicado: New York : Athena Information Solutions
Materias:
Acceso en línea:Full text available from Research Library: 01/01/2009 to 01/31/2009

MARC

LEADER 00000nas a2200000 i 4500
001 ssj0001077154
003 WaSeSS
005 20200512172242.0
006 m d
007 cr n
008 131219u20uuuuuuinua| p|s|||||| |0eng d
035 |a (WaSeSS)ssj0001077154 
040 |a WaSeSS  |b eng  |c WaSeSS  |d WaSeSS 
050 1 4 |a ML68 
245 0 0 |a Radio Duniya  |h [electronic resource]. 
260 |a New York :  |b Athena Information Solutions 
310 |a Annual 
506 |a License restrictions may limit access. 
588 |a Description based on: January 2009; title from title screen (ProQuest, viewed Dec. 18, 2013). 
588 |a Latest issue consulted: January 2009 (viewed Dec. 18, 2013). 
650 0 |a Radio and music  |v Periodicals. 
655 0 |a Electronic journals. 
856 4 0 |z Full text available from Research Library: 01/01/2009 to 01/31/2009  |u https://search.proquest.com/publication/55079